<?xml version="1.0" encoding="UTF-8"?><?xml-stylesheet type="text/xsl" href="static/style.xsl"?><OAI-PMH xmlns="http://www.openarchives.org/OAI/2.0/" xmlns:xsi="http://www.w3.org/2001/XMLSchema-instance" xsi:schemaLocation="http://www.openarchives.org/OAI/2.0/ http://www.openarchives.org/OAI/2.0/OAI-PMH.xsd"><responseDate>2026-06-07T16:51:46Z</responseDate><request verb="GetRecord" identifier="oai:docta.ucm.es:20.500.14352/4777" metadataPrefix="marc">https://docta.ucm.es/rest/oai/request</request><GetRecord><record><header><identifier>oai:docta.ucm.es:20.500.14352/4777</identifier><datestamp>2023-08-25T21:03:54Z</datestamp><setSpec>com_20.500.14352_14</setSpec><setSpec>col_20.500.14352_15</setSpec></header><metadata><record xmlns="http://www.loc.gov/MARC21/slim" xmlns:dcterms="http://purl.org/dc/terms/" xmlns:xsi="http://www.w3.org/2001/XMLSchema-instance" xmlns:doc="http://www.lyncode.com/xoai" xsi:schemaLocation="http://www.loc.gov/MARC21/slim http://www.loc.gov/standards/marcxml/schema/MARC21slim.xsd">
   <leader>00925njm 22002777a 4500</leader>
   <datafield ind2=" " ind1=" " tag="042">
      <subfield code="a">dc</subfield>
   </datafield>
   <datafield ind2=" " ind1=" " tag="720">
      <subfield code="a">Guerras, Juan-Miguel</subfield>
      <subfield code="e">author</subfield>
   </datafield>
   <datafield ind2=" " ind1=" " tag="720">
      <subfield code="a">Hoyos Miller, Juan Eduardo</subfield>
      <subfield code="e">author</subfield>
   </datafield>
   <datafield ind2=" " ind1=" " tag="720">
      <subfield code="a">García de Olalla, Patricia</subfield>
      <subfield code="e">author</subfield>
   </datafield>
   <datafield ind2=" " ind1=" " tag="720">
      <subfield code="a">de la Fuente, Luis</subfield>
      <subfield code="e">author</subfield>
   </datafield>
   <datafield ind2=" " ind1=" " tag="720">
      <subfield code="a">Herrero, Lidia</subfield>
      <subfield code="e">author</subfield>
   </datafield>
   <datafield ind2=" " ind1=" " tag="720">
      <subfield code="a">Palma, David</subfield>
      <subfield code="e">author</subfield>
   </datafield>
   <datafield ind2=" " ind1=" " tag="720">
      <subfield code="a">del Romero, Jorge</subfield>
      <subfield code="e">author</subfield>
   </datafield>
   <datafield ind2=" " ind1=" " tag="720">
      <subfield code="a">García-Pérez, Jorge-Néstor</subfield>
      <subfield code="e">author</subfield>
   </datafield>
   <datafield ind2=" " ind1=" " tag="720">
      <subfield code="a">Belza, María-José</subfield>
      <subfield code="e">author</subfield>
   </datafield>
   <datafield ind2=" " ind1=" " tag="260">
      <subfield code="c">2021-11-03</subfield>
   </datafield>
   <datafield ind2=" " ind1=" " tag="520">
      <subfield code="a">This study compares the prevalence of drug use and the typologies of polydrug use (PDU) in men who have sex with men (MSM) and general population men (GPM). Participants were men aged 16–64, living in the provinces of Madrid and Barcelona: 1720 were recruited in a GPM survey, and 2658 were HIV-negative MSM from HIV/STIs diagnosis services. Lifetime and last-year prevalence of drug use and prevalence ratios (PRs) of MSM to GPM for the different drugs were calculated using Poisson regression. Latent class analysis (LCA) was performed to identify typologies of PDU. Lifetime use of the drugs considered was higher in MSM, and even higher for drug use in the last-year: PRs for cannabis, hallucinogens and cocaine ranged from 2–5; for amphetamine, ecstasy and methamphetamine 12–16; and above 60 for ketamine, GHB/GBL, inhalants and mephedrone. In the LCA for lifetime PDU four classes arose from the GPM (No-PDU (79.6%); Conventional PDU (13.8%); Intensive conventional PDU (4.9%); Heavy PDU (1.8%)) and four among MSM (No-PDU (57.7%); Conventional PDU plus poppers (18.8%); PDU preferring chemsex drugs (6.4%); Heavy PDU (17.2%)). For PDU during the last-year, three classes arose in the GPM: No-PDU (94.7%); Conventional PDU (4.3%); Heavy PDU (0.9%). For MSM, we identified four classes: No-PDU (64.7%); Conventional PDU plus poppers (15.6%); PDU preferring chemsex drugs (6.2%); Heavy PDU (13.5%). MSM should be considered a priority group for the prevention of the use of all drugs but the heterogeneity of PDU typologies regarding users’ preference towards conventional and/or sexualised drugs needs to be taken into account.</subfield>
   </datafield>
   <datafield ind1="8" ind2=" " tag="024">
      <subfield code="a">1660-4601</subfield>
   </datafield>
   <datafield ind1="8" ind2=" " tag="024">
      <subfield code="a">10.3390/ijerph182111609</subfield>
   </datafield>
   <datafield ind1="8" ind2=" " tag="024">
      <subfield code="a">https://hdl.handle.net/20.500.14352/4777</subfield>
   </datafield>
   <datafield ind1="8" ind2=" " tag="024">
      <subfield code="a">https://doi.org/10.3390/ijerph182111609</subfield>
   </datafield>
   <datafield ind1="8" ind2=" " tag="024">
      <subfield code="a">https://www.mdpi.com/1660-4601/18/21/11609/htm</subfield>
   </datafield>
   <datafield ind2="0" ind1="0" tag="245">
      <subfield code="a">Comparison of Polydrug Use Prevalences and Typologies between Men Who Have Sex with Men and General Population Men, in Madrid and Barcelona</subfield>
   </datafield>
</record></metadata></record></GetRecord></OAI-PMH>